000
00336nam a22001457a 4500
008
250325b |||||||| |||| 00| 0 eng d
020
_a
9780385524926
050
_a
PS3554
_b
.D45
100
_a
DELINSKY, Barbara
245
_a
While my Sister Sleeps
250
_a
1st
260
_a
New York
_b
NIL
_c
2009
300
_a
319p.
942
_c
BK
999
_c
2665
_d
2665